State Capital: Biggest City or Not? - Statistics

General Stats
  • This quiz has been taken 27 times
    4 since last reset
  • The average score is 32 of 50
Answer Stats
Hint Answer % Correct
Arizona (Phoenix) Yes
100%
Arkansas (Little Rock) Yes
100%
Colorado (Denver) Yes
100%
Georgia (Atlanta) Yes
100%
Hawaii (Honolulu) Yes
100%
Idaho (Boise) Yes
100%
Indiana (Indianapolis) Yes
100%
Iowa (Des Moines) Yes
100%
Massachusetts (Boston) Yes
100%
Mississippi (Jackson) Yes
100%
Ohio (Columbus) Yes
100%
Oklahoma (Oklahoma City) Yes
100%
Rhode Island (Providence) Yes
100%
Tennessee (Nashville) Yes
100%
Utah (Salt Lake City) Yes
100%
West Virginia (Charleston) Yes
100%
Wyoming (Cheyenne) Yes
100%
New Mexico No; Albuquerque
50%
Alaska (Juneau) No; Anchorage
50%
Maryland (Annapolis) No; Baltimore
50%
Montana (Helena) No; Billings
50%
South Carolina (Columbia) No; Charleston
50%
North Carolina (Raleigh) No; Charlotte
50%
Illinois (Springfield) No; Chicago
50%
Michigan (Lansing) No; Detroit
50%
North Dakota (Bismarck) No; Fargo
50%
Texas (Austin) No; Houston
50%
Alabama (Montgomery) No; Huntsville
50%
Florida (Tallahassee) No; Jacksonville
50%
Missouri (Jefferson City) No; Kansas City
50%
Nevada (Carson City) No; Las Vegas
50%
Kentucky (Frankfort) No; Lexington
50%
California (Sacramento) No; Los Angeles
50%
Wisconsin (Madison) No; Milwaukee
50%
Minnesota (St. Paul) No; Minneapolis
50%
Louisiana (Baton Rouge) No; New Orleans
50%
New York (Albany) No; New York City
50%
Nebraska (Lincoln) No; Omaha
50%
Pennsylvania (Harrisburg) No; Philadelphia
50%
Maine (Augusta) No; Portland
50%
Oregon (Salem) No; Portland
50%
Washington (Olympia) No; Seattle
50%
South Dakota (Pierre) No; Sioux Falls
50%
Virginia (Richmond) No; Virginia Beach
50%
Kansas (Topeka) No; Wichita
50%
Connecticut (Hartford) No; Bridgeport
25%
Vermont (Montpelier) No; Burlington
25%
New Hampshire (Concord) No; Manchester
25%
New Jersey No; Newark
25%
Delaware (Dover) No; Wilmington
25%
No matching quizzes found
Score Distribution
Percent of People with Each Score
Percentile by Number Answered
Your Score History
You have not taken this quiz since the last reset